00292nam a2200109Ia 4500003000400000008004100004040001600045082001500061245006500076260002900141300001200170GCL140319s9999 xx 000 0 eng d aGCL / cGCL04a700.1bB V10aThe Utopian Function of Art and Literature: Selected Essays. a[S.N] : bNONE ، c1988 a310 P?P